[Event "Campionat de Catalunya 2021 Sub16-20"]
[Site "Salou, Spain"]
[Date "2021.03.31"]
[Round "7.7"]
[White "Roca Planas, Edgar"]
[Black "Funes Ostos, Aitor"]
[Result "1/2-1/2"]
[WhiteFideId "24561290"]
[BlackFideId "24538140"]
[WhiteElo "2003"]
[BlackElo "1882"]

1. e4 {[%clk 01:30:57]} {[%emt 00:00:02]} e6 {[%clk 01:30:55]} {[%emt
00:00:05]} 2. d4 {[%clk 01:31:23]} {[%emt 00:00:04]} d5 {[%clk 01:31:22]}
{[%emt 00:00:03]} 3. Nd2 {[%clk 01:30:25]} {[%emt 00:01:28]} a6 {[%clk
01:31:46]} {[%emt 00:00:07]} 4. Ngf3 {[%clk 01:30:14]} {[%emt 00:00:40]} c5
{[%emt 00:00:21]} 5. exd5 {[%clk 01:25:27]} {[%emt 00:05:03]} exd5 {[%clk
01:32:35]} {[%emt 00:00:05]} 6. Be2 {[%clk 01:25:07]} {[%emt 00:00:50]} Nf6
{[%clk 01:32:08]} {[%emt 00:00:57]} 7. O-O {[%clk 01:25:29]} {[%emt 00:00:07]}
Be7 {[%clk 01:32:16]} {[%emt 00:00:23]} 8. dxc5 {[%clk 01:25:45]} {[%emt
00:00:15]} Bxc5 {[%clk 01:32:41]} {[%emt 00:00:05]} 9. Nb3 {[%emt 00:01:15]}
Bd6 {[%clk 01:30:54]} {[%emt 00:01:18]} 10. Bg5 {[%emt 00:04:18]} Be6 {[%clk
01:29:03]} {[%emt 00:00:33]} 11. c3 {[%clk 01:22:28]} {[%emt 00:02:01]} h6
{[%clk 01:28:49]} {[%emt 00:00:44]} 12. Bh4 {[%emt 00:09:41]} Nc6 {[%clk
01:12:46]} {[%emt 00:06:58]} 13. Nbd4 {[%clk 01:20:21]} {[%emt 00:03:01]} g5
{[%clk 01:09:34]} {[%emt 00:03:42]} 14. Bg3 {[%clk 01:20:39]} {[%emt 00:00:11]}
Ne4 {[%emt 00:02:28]} 15. Nxe6 {[%clk 01:16:47]} {[%emt 00:03:05]} fxe6 {[%clk
01:09:17]} {[%emt 00:00:06]} 16. Nd4 {[%emt 00:06:18]} Qe7 {[%clk 00:57:26]}
{[%emt 00:06:12]} 17. Bh5+ {[%clk 01:14:46]} {[%emt 00:02:52]} Kd7 {[%emt
00:14:44]} 18. Bxd6 {[%clk 00:58:55]} {[%emt 00:01:46]} Qxd6 {[%clk 00:56:09]}
{[%emt 00:02:07]} 19. Bf3 {[%clk 00:57:28]} {[%emt 00:01:57]} Nf6 {[%clk
00:55:41]} {[%emt 00:00:58]} 20. Re1 {[%emt 00:03:30]} Rae8 {[%emt 00:08:30]}
21. Nxc6 {[%emt 00:03:22]} bxc6 {[%emt 00:15:54]} 22. Qd4 {[%clk 00:44:27]}
{[%emt 00:02:17]} e5 {[%clk 00:38:02]} {[%emt 00:00:06]} 23. Qa7+ {[%clk
00:44:32]} {[%emt 00:00:26]} Qc7 {[%clk 00:38:26]} {[%emt 00:00:05]} 24. Qxa6
{[%clk 00:44:15]} {[%emt 00:00:47]} e4 {[%clk 00:38:51]} {[%emt 00:00:05]} 25.
Bd1 {[%clk 00:44:06]} {[%emt 00:00:38]} h5 {[%emt 00:02:23]} 26. Qa4 {[%emt
00:15:13]} Ng4 {[%emt 00:03:01]} 27. g3 {[%emt 00:06:03]} Ref8 {[%clk
00:20:41]} {[%emt 00:05:43]} 28. Bxg4+ {[%clk 00:26:16]} {[%emt 00:06:38]} hxg4
{[%clk 00:21:00]} {[%emt 00:00:10]} 29. Rad1 {[%emt 00:01:44]} Ke6 {[%clk
00:19:44]} {[%emt 00:00:21]} 30. c4 {[%clk 00:21:03]} {[%emt 00:05:54]} Rd8
{[%emt 00:14:01]} 31. cxd5+ {[%clk 00:15:04]} {[%emt 00:03:20]} cxd5 {[%clk
00:09:47]} {[%emt 00:00:05]} 32. Re3 {[%clk 00:11:57]} {[%emt 00:03:37]} Qh7
{[%emt 00:02:37]} 33. Qd4 {[%clk 00:11:23]} {[%emt 00:00:44]} Qxh2+ {[%clk
00:07:58]} {[%emt 00:00:33]} 34. Kf1 {[%clk 00:11:49]} {[%emt 00:00:03]} Rhf8
{[%clk 00:07:40]} {[%emt 00:00:48]} 35. Rc3 {[%emt 00:04:39]} Rd6 {[%emt
00:02:24]} 36. Ke2 {[%clk 00:07:46]} {[%emt 00:00:41]} Qh7 {[%clk 00:05:21]}
{[%emt 00:00:38]} 37. Rdc1 {[%clk 00:07:14]} {[%emt 00:01:02]} Qb7 {[%clk
00:03:42]} {[%emt 00:02:08]} 38. Rc7 {[%clk 00:05:23]} {[%emt 00:02:20]} Qa6+
{[%clk 00:02:43]} {[%emt 00:01:29]} 39. Ke1 {[%clk 00:05:41]} {[%emt 00:00:12]}
Qxa2 {[%emt 00:00:47]} 40. Qg7 {[%clk 00:04:41]} {[%emt 00:01:00]} Qa5+ {[%clk
00:03:19]} {[%emt 00:00:08]} 41. Kd1 {[%emt 00:03:04]} Qa4+ {[%clk 00:03:03]}
{[%emt 00:00:35]} 42. R1c2 {[%clk 00:02:34]} {[%emt 00:00:14]} Qa1+ {[%emt
00:00:35]} 43. Ke2 {[%clk 00:02:37]} {[%emt 00:00:21]} Qa6+ {[%emt 00:01:23]}
44. Ke1 {[%clk 00:02:27]} {[%emt 00:00:11]} Qa1+ {[%emt 00:01:59]} 45. Rc1
{[%clk 00:00:47]} {[%emt 00:00:24]} Qa5+ {[%emt 00:00:17]} 46. Qc3 {[%clk
00:00:52]} {[%emt 00:00:11]} Qxc3+ {[%clk 00:03:46]} {[%emt 00:00:08]} 47. bxc3
{[%emt 00:00:16]} Ra6 {[%clk 00:03:53]} {[%emt 00:00:10]} 48. Rc2 {[%emt
00:01:05]} Rb8 {[%clk 00:03:14]} {[%emt 00:00:24]} 49. Ke2 {[%clk 00:01:27]}
{[%emt 00:00:30]} Rbb6 {[%emt 00:01:07]} 50. Rh7 {[%clk 00:01:28]} Ke5 {[%clk
00:02:37]} {[%emt 00:00:59]} 51. Re7+ {[%emt 00:00:49]} Kf6 {[%clk 00:02:50]}
{[%emt 00:00:03]} 52. Rd7 {[%emt 00:00:57]} Ke5 {[%clk 00:01:46]} {[%emt
00:01:18]} 53. Re7+ {[%clk 00:01:11]} {[%emt 00:00:32]} Re6 {[%clk 00:01:48]}
{[%emt 00:00:28]} 54. Rb7 {[%clk 00:01:21]} {[%emt 00:00:20]} Rac6 {[%clk
00:01:34]} {[%emt 00:00:44]} 55. Rb5 {[%clk 00:01:16]} {[%emt 00:00:34]} Rb6
{[%clk 00:01:46]} {[%emt 00:00:17]} 56. Ra5 {[%clk 00:01:05]} {[%emt 00:00:43]}
Ra6 {[%clk 00:01:49]} {[%emt 00:00:27]} 57. Rca2 {[%clk 00:00:47]} {[%emt
00:00:48]} Rxa5 {[%clk 00:02:01]} {[%emt 00:00:18]} 58. Rxa5 {[%clk 00:01:09]}
{[%emt 00:00:08]} Rc6 {[%clk 00:01:55]} {[%emt 00:00:36]} 59. Ra3 {[%emt
00:01:52]} Rb6 {[%emt 00:00:50]} 60. Ra5 {[%clk 00:00:44]} {[%emt 00:00:09]}
Rb2+ {[%emt 00:01:00]} 61. Ke3 {[%clk 00:00:43]} {[%emt 00:00:03]} Rc2 {[%clk
00:01:21]} {[%emt 00:00:05]} 62. Rc5 {[%clk 00:00:38]} {[%emt 00:00:37]} Kd6
{[%clk 00:01:07]} {[%emt 00:00:43]} 63. Rc8 {[%clk 00:01:00]} {[%emt 00:00:08]}
Ke6 {[%emt 00:00:36]} 64. Kxe4 {[%emt 00:00:09]} Ke5+ 1/2-1/2

[Event "Campionat de Catalunya 2021 Sub16-20"]
[Site "Salou, Spain"]
[Date "2021.03.31"]
[Round "7.8"]
[White "Travesset Sagre, Jan"]
[Black "Parra Odorica, Gorka"]
[Result "1-0"]
[WhiteFideId "24538701"]
[BlackFideId "32087039"]
[WhiteElo "2129"]
[BlackElo "1865"]

1. Nf3 {[%clk 01:30:30]} {[%emt 00:00:30]} Nf6 {[%clk 01:30:39]} {[%emt
00:00:21]} 2. c4 {[%clk 01:30:52]} {[%emt 00:00:08]} e6 {[%clk 01:30:44]}
{[%emt 00:00:24]} 3. g3 {[%clk 01:31:12]} {[%emt 00:00:11]} d5 {[%clk
01:31:03]} {[%emt 00:00:11]} 4. d4 {[%clk 01:31:27]} {[%emt 00:00:14]} dxc4
{[%clk 01:30:20]} {[%emt 00:01:13]} 5. Bg2 {[%clk 01:31:38]} {[%emt 00:00:19]}
Nc6 {[%clk 01:30:05]} {[%emt 00:00:45]} 6. Qa4 {[%clk 01:29:18]} {[%emt
00:02:50]} Bb4+ {[%clk 01:26:21]} {[%emt 00:04:14]} 7. Bd2 {[%clk 01:29:14]}
{[%emt 00:00:36]} Nd5 {[%clk 01:25:24]} {[%emt 00:01:26]} 8. Qb5 {[%clk
00:51:34]} {[%emt 00:38:10]} Be7 {[%clk 01:11:43]} {[%emt 00:14:10]} 9. Qxc4
{[%clk 00:50:05]} {[%emt 00:02:00]} Nb6 {[%clk 01:11:48]} {[%emt 00:00:24]} 10.
Qd3 {[%clk 00:50:25]} {[%emt 00:00:10]} Bf6 {[%clk 01:10:33]} {[%emt 00:01:45]}
11. Bc3 {[%clk 00:48:30]} {[%emt 00:02:24]} Qe7 {[%clk 01:06:12]} {[%emt
00:04:51]} 12. e4 {[%clk 00:45:53]} {[%emt 00:03:07]} e5 {[%clk 01:05:30]}
{[%emt 00:01:11]} 13. d5 {[%clk 00:41:16]} {[%emt 00:05:08]} Nb8 {[%clk
01:05:35]} {[%emt 00:00:24]} 14. a4 {[%clk 00:37:31]} {[%emt 00:04:17]} Bd7
{[%clk 01:01:40]} {[%emt 00:04:24]} 15. b3 {[%clk 00:36:23]} {[%emt 00:01:38]}
Na6 {[%clk 01:01:07]} {[%emt 00:01:02]} 16. O-O {[%clk 00:34:46]} {[%emt
00:02:07]} O-O {[%clk 01:00:38]} {[%emt 00:00:59]} 17. a5 {[%clk 00:31:06]}
{[%emt 00:04:11]} Nc8 {[%clk 01:00:55]} {[%emt 00:00:12]} 18. Nbd2 {[%clk
00:30:10]} {[%emt 00:01:26]} Nd6 {[%clk 00:58:43]} {[%emt 00:02:42]} 19. Rfc1
{[%clk 00:29:17]} {[%emt 00:01:24]} Bb5 {[%clk 00:45:38]} {[%emt 00:13:35]} 20.
Qe3 {[%clk 00:29:21]} {[%emt 00:00:26]} c5 {[%clk 00:42:11]} {[%emt 00:03:57]}
21. Ne1 {[%clk 00:22:08]} {[%emt 00:07:44]} Rac8 {[%clk 00:38:54]} {[%emt
00:03:46]} 22. Rab1 {[%clk 00:20:36]} {[%emt 00:02:02]} Rfe8 {[%clk 00:37:58]}
{[%emt 00:01:25]} 23. Nc2 {[%clk 00:19:06]} {[%emt 00:02:01]} Qc7 {[%clk
00:33:40]} {[%emt 00:04:48]} 24. Na3 {[%clk 00:18:48]} {[%emt 00:00:48]} Bd7
{[%clk 00:33:41]} {[%emt 00:00:27]} 25. Bf1 {[%clk 00:18:13]} {[%emt 00:01:06]}
Qb8 {[%clk 00:27:51]} {[%emt 00:06:20]} 26. Nac4 {[%clk 00:14:56]} {[%emt
00:03:48]} Nb5 {[%clk 00:27:23]} {[%emt 00:00:57]} 27. Bb2 {[%clk 00:12:59]}
{[%emt 00:02:28]} Nb4 {[%clk 00:24:42]} {[%emt 00:03:11]} 28. Nf3 {[%clk
00:11:19]} {[%emt 00:02:10]} b6 {[%clk 00:22:53]} {[%emt 00:02:18]} 29. axb6
{[%clk 00:11:28]} {[%emt 00:00:21]} axb6 {[%clk 00:23:22]} {[%emt 00:00:02]} 30.
Qd2 {[%emt 00:03:15]} Nd4 {[%clk 00:19:05]} {[%emt 00:04:44]} 31. Bxd4 {[%clk
00:06:31]} {[%emt 00:02:43]} exd4 {[%clk 00:17:57]} {[%emt 00:01:38]} 32. Re1
{[%clk 00:04:01]} {[%emt 00:03:01]} Bg4 {[%clk 00:13:46]} {[%emt 00:04:39]} 33.
Bg2 {[%clk 00:03:32]} {[%emt 00:00:59]} Bxf3 {[%clk 00:11:12]} {[%emt
00:03:05]} 34. Bxf3 {[%clk 00:04:01]} {[%emt 00:00:01]} Rcd8 {[%clk 00:08:59]}
{[%emt 00:02:43]} 35. Bg2 {[%clk 00:03:39]} {[%emt 00:00:53]} b5 {[%clk
00:08:14]} {[%emt 00:01:15]} 36. Nb2 {[%clk 00:03:51]} {[%emt 00:00:18]} g6
{[%clk 00:07:57]} {[%emt 00:00:47]} 37. f4 {[%clk 00:03:11]} {[%emt 00:01:09]}
Bg7 {[%clk 00:08:02]} {[%emt 00:00:25]} 38. Rec1 {[%clk 00:02:41]} {[%emt
00:01:00]} Qb6 {[%clk 00:08:17]} {[%emt 00:00:15]} 39. Nd3 {[%clk 00:02:24]}
{[%emt 00:00:47]} Nxd3 {[%clk 00:07:26]} {[%emt 00:01:21]} 40. Qxd3 {[%clk
00:02:53]} {[%emt 00:00:01]} f6 {[%clk 00:06:31]} {[%emt 00:01:24]} 41. h4
{[%clk 00:01:25]} {[%emt 00:01:59]} Bf8 {[%clk 00:06:23]} {[%emt 00:00:37]} 42.
Bf1 {[%clk 00:00:57]} {[%emt 00:00:58]} Rb8 {[%clk 00:06:27]} {[%emt 00:00:25]}
43. Ra1 {[%clk 00:01:01]} {[%emt 00:00:28]} Bd6 {[%clk 00:06:17]} {[%emt
00:00:40]} 44. Rc2 {[%clk 00:00:45]} {[%emt 00:00:47]} Rec8 {[%clk 00:03:10]}
{[%emt 00:03:37]} 45. Rac1 {[%clk 00:00:33]} {[%emt 00:00:42]} Qd8 {[%clk
00:02:02]} {[%emt 00:01:36]} 46. Kh2 {[%clk 00:00:53]} {[%emt 00:00:11]} Qe7
{[%clk 00:02:16]} {[%emt 00:00:16]} 47. Bh3 {[%clk 00:01:02]} {[%emt 00:00:22]}
Rc7 {[%clk 00:02:15]} {[%emt 00:00:30]} 48. Be6+ {[%clk 00:01:30]} {[%emt
00:00:02]} Kg7 {[%clk 00:02:25]} {[%emt 00:00:19]} 49. Re1 {[%clk 00:01:39]}
{[%emt 00:00:22]} c4 {[%clk 00:01:23]} {[%emt 00:01:32]} 50. bxc4 {[%clk
00:02:01]} {[%emt 00:00:08]} bxc4 {[%clk 00:01:45]} {[%emt 00:00:08]} 51. Rxc4
{[%clk 00:01:32]} {[%emt 00:01:00]} Rb2+ {[%clk 00:01:59]} {[%emt 00:00:16]} 52.
Re2 {[%clk 00:01:01]} {[%emt 00:01:01]} Rcb7 {[%clk 00:01:33]} {[%emt
00:00:56]} 53. Rcc2 {[%clk 00:00:53]} {[%emt 00:00:39]} R7b3 {[%clk 00:01:03]}
{[%emt 00:00:59]} 54. Qxd4 {[%clk 00:00:56]} {[%emt 00:00:28]} Bc5 {[%clk
00:00:45]} {[%emt 00:00:48]} 55. Qc4 {[%clk 00:00:41]} {[%emt 00:00:46]} Rxc2
{[%clk 00:00:36]} {[%emt 00:00:39]} 56. Rxc2 {[%clk 00:01:03]} {[%emt
00:00:09]} Bg1+ {[%clk 00:00:53]} {[%emt 00:00:11]} 57. Kxg1 {[%clk 00:00:58]}
{[%emt 00:00:35]} Rb1+ {[%clk 00:00:43]} {[%emt 00:00:40]} 58. Kh2 {[%clk
00:01:22]} {[%emt 00:00:07]} Qa3 {[%clk 00:01:02]} {[%emt 00:00:11]} 59. Qc3
{[%clk 00:01:16]} {[%emt 00:00:36]} Qa6 {[%clk 00:01:13]} {[%emt 00:00:19]} 60.
Qc7+ {[%clk 00:00:43]} {[%emt 00:01:04]} Kh6 {[%clk 00:01:31]} {[%emt
00:00:11]} 61. g4 {[%clk 00:00:45]} {[%emt 00:00:29]} f5 {[%clk 00:01:13]}
{[%emt 00:00:48]} 62. g5+ {[%clk 00:00:55]} {[%emt 00:00:21]} Kh5 {[%clk
00:01:37]} {[%emt 00:00:04]} 63. Qxh7+ {[%clk 00:00:58]} {[%emt 00:00:28]} Kg4
{[%clk 00:01:50]} {[%emt 00:00:16]} 64. Bxf5+ {[%clk 00:00:40]} {[%emt
00:00:49]} Kf3 {[%clk 00:01:47]} {[%emt 00:00:32]} 65. Bg4+ {[%clk 00:00:46]}
{[%emt 00:00:25]} Ke3 {[%clk 00:00:54]} {[%emt 00:01:23]} 66. Re2+ {[%clk
00:01:01]} {[%emt 00:00:14]} Kd3 {[%clk 00:01:09]} {[%emt 00:00:14]} 67. Qc7
{[%clk 00:01:00]} {[%emt 00:00:32]} Qa1 {[%clk 00:00:38]} {[%emt 00:01:01]} 68.
Qc2+ {[%clk 00:01:18]} {[%emt 00:00:12]} Kd4 {[%clk 00:01:03]} {[%emt
00:00:04]} 69. Rd2+ {[%clk 00:01:38]} {[%emt 00:00:11]} Ke3 {[%clk 00:01:15]}
{[%emt 00:00:18]} 70. Qd3+ {[%clk 00:01:35]} {[%emt 00:00:33]} Kxf4 {[%clk
00:01:25]} {[%emt 00:00:20]} 71. Qf3+ {[%clk 00:01:29]} {[%emt 00:00:36]} 1-0